El ensayo clínico de la vacuna contra el virus de influenza A (H1N1) realizado en Costa Rica: cronología de un conflicto ético /
Se presenta una cronología de algunos de los eventos relacionados con la investigación clínica de la vacuna contra el virus de la influenza A (H1N1) realizado en Costa Rica y los hechos más relevantes relacionados con la aprobación y ejecución del ensayo de la vacuna; además se discuten algunos de l...
Zapisane w:
| 1. autor: | |
|---|---|
| Format: | Texto |
| Hasła przedmiotowe: | |
| Etykiety: |
Dodaj etykietę
Nie ma etykietki, Dołącz pierwszą etykiete!
|
MARC
| LEADER | 00000 a a2200000 04500 | ||
|---|---|---|---|
| 001 | 46092 | ||
| 003 | |||
| 040 | |||
| 100 | |a Granados Zúñiga, Jorge | ||
| 245 | |a El ensayo clínico de la vacuna contra el virus de influenza A (H1N1) realizado en Costa Rica: |b cronología de un conflicto ético / |c Jorge Granados Zúñiga | ||
| 520 | |a Se presenta una cronología de algunos de los eventos relacionados con la investigación clínica de la vacuna contra el virus de la influenza A (H1N1) realizado en Costa Rica y los hechos más relevantes relacionados con la aprobación y ejecución del ensayo de la vacuna; además se discuten algunos de los conflictos éticos implicados en el mismo y se plantean algunas posibles soluciones. | ||
| 590 | |a AMB/MAYO2014 | ||
| 650 | |a A)ETICA | ||
| 650 | |a B)BIOETICA (CIDCACS) | ||
| 650 | |a C)SALUD | ||
| 650 | |a D)INVESTIGACION | ||
| 650 | |a E)COSTA RICA | ||
| 773 | |g volumen48, número125 ( , 2010), páginas 27-40 | ||
| 999 | |c 34394 |d 34394 | ||
